Oxford handbook of indian politics (Record no. 395286)

MARC details
000 -LEADER
fixed length control field 00523 a2200193 4500
005 - DATE & TIME
control field 20260210112034.0
008 - FIXED-LENGTH DATA ELEMENTS--GENERAL INFORMATION
fixed length control field 260209b |||||||| |||| 00| 0 eng d
020 ## - ISBN
International Standard Book Number 9780198894261
Price Rs. 1995.00
040 ## - CATALOGING SOURCE
Original cataloging agency VIVEKANANDA LIBRARY
082 ## - DDC NUMBER
Classification number 320.954
Book Number G15O
100 ## - MAIN ENTRY--PERSONAL NAME
Personal name Ganguly, Sumit, ed.
245 ## - TITLE STATEMENT
Title Oxford handbook of indian politics
260 ## - PUBLICATION, DISTRIBUTION, ETC. (IMPRINT)
Name of publisher, distributor, etc Oxford University Press
Date of publication, distribution, etc 2024
Place of publication, distribution, etc Oxford
300 ## - PHYSICAL DESCRIPTION
Pages xxv, 640
650 ## - Subject
Subject Political Science
650 ## - Subject
Subject Indian Politics
700 ## - Added Entry Personal Name
Added Entry Personal Name Eswaran Sridharan, ed.
942 ## - ADDED ENTRY ELEMENTS (KOHA)
Koha item type Books
Holdings
Withdrawn status Lost status Source of classification or shelving scheme Damaged status Not for loan Location (home branch) Sublocation or collection (holding branch) Shelving location Date acquired Koha issues (times borrowed) Koha full call number Accession No. Koha date last seen Koha item type
    Dewey Decimal Classification     VIVEKANANDA LIBRARY VIVEKANANDA LIBRARY Vivekananda Library 27/01/2026   320.954 G15O 444259 27/01/2026 Books
© Designed and Maintained by Vivekananda Library, MDU Rohtak